<?xml version="1.0" encoding="UTF-8"?>
<record
    xmlns:xsi="http://www.w3.org/2001/XMLSchema-instance"
    xsi:schemaLocation="http://www.loc.gov/MARC21/slim http://www.loc.gov/standards/marcxml/schema/MARC21slim.xsd"
    xmlns="http://www.loc.gov/MARC21/slim">

  <leader>00596nam a22001577a 4500</leader>
  <controlfield tag="003">OSt</controlfield>
  <controlfield tag="005">20151103144136.0</controlfield>
  <controlfield tag="008">151103b        xxu||||| |||| 00| 0 eng d</controlfield>
  <datafield tag="040" ind1=" " ind2=" ">
    <subfield code="c">RUA</subfield>
  </datafield>
  <datafield tag="082" ind1=" " ind2=" ">
    <subfield code="a">FOR &#x1794;&#x17C9;&#x17BC; 1992&#x200B; B117 Or.1</subfield>
  </datafield>
  <datafield tag="100" ind1=" " ind2=" ">
    <subfield code="9">3267</subfield>
    <subfield code="a">&#x1794;&#x17C9;&#x17BC; &#x1785;&#x17B6;&#x1793;&#x17CB;&#x1795;&#x179B;</subfield>
  </datafield>
  <datafield tag="245" ind1=" " ind2=" ">
    <subfield code="a">&#x1782;&#x17C6;&#x179A;&#x17C4;&#x1784;&#x1793;&#x17C3;&#x1780;&#x17B6;&#x179A;&#x179A;&#x17C0;&#x1794;&#x1785;&#x17C6;&#x178A;&#x17B6;&#x17C6;&#x178A;&#x17BE;&#x1798;&#x1788;&#x17BE;&#x1798;&#x17C9;&#x17C3;&#x179F;&#x17B6;&#x1780;&#x17CB; (Tectona grandis) &#x17A1;&#x17BE;&#x1784;&#x179C;&#x17B7;&#x1789;&#x1780;&#x17D2;&#x1793;&#x17BB;&#x1784;&#x179F;&#x17D2;&#x179A;&#x17BB;&#x1780;&#x1798;&#x17C1;&#x1798;&#x178F;&#x17CB; &#x1781;&#x17C1;&#x178F;&#x17D2;&#x178F;&#x1780;&#x17C6;&#x1796;&#x1784;&#x17CB;&#x1785;&#x17B6;&#x1798;</subfield>
  </datafield>
  <datafield tag="260" ind1=" " ind2=" ">
    <subfield code="a">Phnom Penh</subfield>
    <subfield code="b">RUA</subfield>
    <subfield code="c">1992</subfield>
  </datafield>
  <datafield tag="300" ind1=" " ind2=" ">
    <subfield code="a">86p.</subfield>
    <subfield code="b">ill.</subfield>
    <subfield code="c">29cm.</subfield>
  </datafield>
  <datafield tag="942" ind1=" " ind2=" ">
    <subfield code="2">ddc</subfield>
    <subfield code="c">FOR</subfield>
  </datafield>
  <datafield tag="999" ind1=" " ind2=" ">
    <subfield code="c">3049</subfield>
    <subfield code="d">3049</subfield>
  </datafield>
  <datafield tag="952" ind1=" " ind2=" ">
    <subfield code="0">0</subfield>
    <subfield code="1">0</subfield>
    <subfield code="2">ddc</subfield>
    <subfield code="4">0</subfield>
    <subfield code="6">FOR_&#x1794;&#x17BC;_1992_B117_OR_1_000000000000000</subfield>
    <subfield code="7">0</subfield>
    <subfield code="9">14463</subfield>
    <subfield code="a">LBB</subfield>
    <subfield code="b">LBB</subfield>
    <subfield code="c">B117</subfield>
    <subfield code="d">2015-11-03</subfield>
    <subfield code="l">1</subfield>
    <subfield code="o">FOR &#x1794;&#x17C9;&#x17BC; 1992&#x200B; B117 Or.1</subfield>
    <subfield code="p">RUA026447</subfield>
    <subfield code="r">2019-04-29</subfield>
    <subfield code="s">2019-04-26</subfield>
    <subfield code="w">2015-11-03</subfield>
    <subfield code="y">FOR</subfield>
  </datafield>
</record>
